00481nam a2200145Ia 4500008004100000041000800041082001600049100001900065245004500084260002800129300003200157365001100189999001500200952012000215240624s9999 xx 000 0 und d aeng a303.482 BRO aBROWNE STEPHEN aAID AND INFLUENCE DO DONORS HELP OR HIND c2007aLondonbEarthscan axvii, : 172 : p. : cm. ; 23 cRSb30 c9111d9111 00104070aIMTNbIMTNcRack 6-Bd2008-06-08eAPg795.00o303.482 BROp9111r2024-06-24 00:00:00t1w2024-06-24yBK